The 100 Characters - Statistics

General Stats
  • This quiz has been taken 309 times
  • The average score is 21 of 32
Answer Stats
Description Character % Correct
the "princess" Clarke
97%
lived under the floor on the Ark Octavia
96%
youngest 0g mechanic on the Ark Raven
95%
Commander of the 13 Clans Lexa
93%
the "king" Bellamy
92%
"spacewalker" Finn
90%
the boy with the goggles Jasper
88%
doctor on the Ark Abby
87%
Chancellor of the Ark Jaha
87%
grounder who fell in love with one of the delinquents Lincoln
87%
the boy who ate a flower Monty
85%
son of the chancellor Wells
82%
Ice Nation king Roan
79%
girl who helped the 100 inside Mount Weather Maya
78%
brought sickness to camp in season 1 Murphy
76%
robot who wants to ease pain A.L.I.E.
72%
Ice Nation girl that Bellamy meets in Mount Weather Echo
72%
grounder Clarke finds in Mount Weather Anya
70%
girl who killed the chancellor's son Charlotte
67%
Flamekeeper Titus
64%
Creator of the robot who destroyed earth Becca
63%
refused to take the flame Luna
61%
chancellor that everybody hated Pike
60%
Ice Nation nightblood Ontari
53%
president in Mount Weather Dante
48%
son of Mount Weather president Cage
47%
Grounder healer Nyko
38%
Ice Nation queen Nia
35%
"most promising novitiate" Aden
24%
doctor in Mount Weather Dr. Tsing
18%
fell off a cliff trying to save his friend Sterling
12%
friend that he was trying to save Mel
7%
No matching quizzes found
Score Distribution
Percent of People with Each Score
Percentile by Number Answered
Your Score History
You have not taken this quiz